The fire signals of Lachish : studies in the archaeology and history of Israel in the late Bronze age, Iron age, and Persian period in honor of David Ussishkin /

محفوظ في:

مؤلفون آخرون: Finkelstein, Israel, Naʼaman, Nadav.

التنسيق: كتاب

اللغة: English

منشور في: Winona Lake, Ind. : Eisenbrauns, 2011.

الموضوعات:

الوسوم: إضافة وسم

لا توجد وسوم, كن أول من يضع وسما على هذه التسجيلة!

رقم الطلب: DS111 .F57 2011

LEADER 01179namaa2200301 4500
001 22743
003 OSt
005 20211211101246.0
008 130303s2011 inuabe g b 001 0 eng d
952 |0 0  |1 0  |2 lcc  |4 0  |6 DS0111 F57 02011  |7 1  |9 23757  |a ARCE  |b ARCE  |d 2021-12-11  |l 0  |o DS111 .F57 2011  |p 1014208  |r 2021-12-11 00:00:00  |w 2021-12-11  |y BK 
999 |c 22495  |d 22495 
010 |a 2010050366 
020 |a 9781575062051 
040 |c ARCE Library 
043 |a a-is--- 
050 4 |a DS111 .F57 2011 
245 0 4 |a The fire signals of Lachish :   |b studies in the archaeology and history of Israel in the late Bronze age, Iron age, and Persian period in honor of David Ussishkin /   |c edited by Israel Finkelstein and Nadav Na'aman. 
264 1 |a Winona Lake, Ind. :   |b Eisenbrauns,   |c 2011. 
300 |a xx, 401 pages :   |b illustrations, maps, plans ;   |c 26 cm. 
504 |a Includes bibliographical references and indexes. 
650 0 |a Bronze age  |z Israel. 
650 0 |a Excavations (Archaeology)  |z Israel. 
651 0 |a Israel  |x Antiquities. 
651 0 |a Palestine   |x Antiquities. 
700 1 |a Finkelstein, Israel,   |9 30022 
700 1 |a Naʼaman, Nadav. 
901 |a reviewed 
942 |c BK  |2 lcc